1531 1232 1777 1023 1271 1013 1092 1445 1125 1597 1636 1695 1017 1929 1667 1546 1633 1952 1558 1887 1523 1307 1443 1935 1955 1465 1630 1110 1251 1019 1811 1115 1345 1853 1041 1733 1640 1180 1792 1652 1648 1336 1277 1924 1487 1446 1510 1741 1628 1759 1333 1234 1532 1055 1530 1070 1825 1454 1854 1631 1322 1638 1638 1688 1973 1935 1939 1278 1583 1794 1041 1289 1271 1969 1121 1466 1675 1275 1483 1578 1409 1761 1680 1818 1372 1375 1475 1279 1407 1871 1847 1973 1440 1835 1211 1378 1924 1968 1177 BCNSPRNW ULIB Ver.6.0+V

เปลี่ยนเป็นภาษาไทย

Change to English
 แสดงรายละเอียดบรรณานุกรม
  กลับหน้าหลัก

Brief Record : Get Marc (ISO 2709) : E-mail record : QR code < ปิดหน้าต่าง
LEADER : 00000nam 2200000uu 4500
001    13399122696
003     ULIB
008    020711s2555 th a 000 0 tha d
020    9786162751417
050  4 BF636^bภ414ข
100    ภาคภูมิ สุดใจ
245    ขอมอบเงินล้าน เป็นของขวัญแทนใจ/^cภาคภูมิ สุดใจ
250    พิมพ์ครั้งที่ 1
260    กรุงเทพฯ :^bMinibear Publishing,^c2555
300    192 หน้า
650    แรงบัลดาลใจ
650    จิตวิทยาประยุกต์
945    ^p155^l0^i20138
999    ^aทศพร เกษรทอง
รายการนี้ยังไม่มีแท็ก
คุณยังไม่ได้ล็อกอิน คุณสามารถมีกิจกรรมร่วมกับเว็บไซต์ได้ แต่ต้องล็อกอินก่อน ::
  ล็อกอิน

รายการสื่อสารสนเทศ

ลำดับที่ ประเภท เลขเรียก/บาร์โค้ด สถานที่ สถานะ
1. การศึกษาทั่วไป
การศึกษาทั่วไป
BF636 ภ414ข ฉ.1 
  Barcode: 20138
ห้องสมุดวิทยาเขตนครสวรรค์
►หนังสือทั่วไป:l:General Books
บนชั้น

รายการใกล้เคียง
    ผู้แต่ง [ภาคภูมิ สุดใจ]

    หัวเรื่อง [แรงบัลดาลใจ]
    หัวเรื่อง [จิตวิทยาประยุกต์]

BibComment


ยังไม่เคยถูกคอมเมนท์

คอมเมนท์ทรัพยากรรายการนี้
  คอมเมนท์: ขอมอบเงินล้าน เป็..


 Copyright 2026. Bcnsprnw @Library